000 00350nam a2200157Ia 4500
008 230711s9999||||xx |||||||||||||| ||und||
041 _aENG
082 _a720
_bBT-A
100 _aBroto,Carles
245 0 _aApartment building today
250 _a1st
260 _c2010
_aSpain
_bLink Books
300 _a299
650 _aArchitecture
942 _cBK
999 _c5401
_d5401